000 01097nam a22002777a 4500
001 03215
003 HDC
007 cr bn ---
008 210104b20172017xxk||||| |||| 00| 0 eng d
022 _a1755-4179
040 _aHDC
100 _aMd. Mahmudul Alam
_eauthor
_92194
245 4 _aThe Islamic Shariah principles for investment in stock market
_c/ Md. Mahmudul Alam [and 3 others]
260 _aUnited Kingdom:
_bEmerald Publishing,
_c2017
300 _a1 online resource (16 pages)
336 _atext
_2rdacontent
337 _acomputer
_2rdamedia
338 _aonline resource
_2rdacarrier
500 _aExtract from: Qualitative Research in Financial Markets, 2017, volume 9, number 2 (pages 132-146)
_aIncludes bibliographical references
650 _aEconomics
_xReligious aspects
_xIslam
_9440
650 _aInvestments
_xReligious aspects
_yIslam
_92195
856 _zRequest full-text at [email protected]
942 _2lcc
942 _cAR
942 _kJART 002564
999 _c601
_d601